<?xml version="1.0" encoding="UTF-8"?>
<record
    xmlns:xsi="http://www.w3.org/2001/XMLSchema-instance"
    xsi:schemaLocation="http://www.loc.gov/MARC21/slim http://www.loc.gov/standards/marcxml/schema/MARC21slim.xsd"
    xmlns="http://www.loc.gov/MARC21/slim">

  <leader>03279cam a22003135a 4500</leader>
  <controlfield tag="001">ocn698080411</controlfield>
  <controlfield tag="003">OSt</controlfield>
  <controlfield tag="005">20161227102735.0</controlfield>
  <controlfield tag="008">110124s2009    stka   frb    001 0 eng d</controlfield>
  <datafield tag="020" ind1=" " ind2=" ">
    <subfield code="z">9780723434023</subfield>
  </datafield>
  <datafield tag="020" ind1=" " ind2=" ">
    <subfield code="z">0723434026</subfield>
  </datafield>
  <datafield tag="040" ind1=" " ind2=" ">
    <subfield code="a">OPELS</subfield>
    <subfield code="b">eng</subfield>
    <subfield code="c">OPELS</subfield>
    <subfield code="d">IUD</subfield>
    <subfield code="d">EG-ScBUE</subfield>
  </datafield>
  <datafield tag="082" ind1="0" ind2="4">
    <subfield code="a">617.693</subfield>
    <subfield code="2">22</subfield>
    <subfield code="b">ORT</subfield>
  </datafield>
  <datafield tag="130" ind1="0" ind2=" ">
    <subfield code="a">Orthodontic miniscrew implants (Online)</subfield>
  </datafield>
  <datafield tag="245" ind1="0" ind2="0">
    <subfield code="a">Orthodontic miniscrew implants :</subfield>
    <subfield code="b">clinical applications /</subfield>
    <subfield code="c">Cheol-Ho Paik ... [et al.] ; consultant editor, Nigel Harradine.</subfield>
  </datafield>
  <datafield tag="260" ind1=" " ind2=" ">
    <subfield code="a">Edinburgh :</subfield>
    <subfield code="a">New York :</subfield>
    <subfield code="b">Mosby / Elsevier,</subfield>
    <subfield code="c">2009.</subfield>
  </datafield>
  <datafield tag="300" ind1=" " ind2=" ">
    <subfield code="a">x, 258 p. :</subfield>
    <subfield code="b">ill. (some col.) ;</subfield>
    <subfield code="c">27 cm.</subfield>
  </datafield>
  <datafield tag="504" ind1=" " ind2=" ">
    <subfield code="a">Includes bibliographical references and index.</subfield>
  </datafield>
  <datafield tag="505" ind1="0" ind2=" ">
    <subfield code="a">1. INTRODUCTION -- Case example -- About this book -- 2. BRIEF REVIEW OF THE USE OF IMPLANTS IN ORTHODONTICS -- Early research and development -- Later developments -- Miniscrews -- Terminology -- 3. MINISCREW IMPLANTS: CONCEPTS AND CONTROVERSIES -- Method of insertion: drill-free versus pre-drilling -- Primary stability: osseointegration versus mechanical interlocking -- Timing of loading: immediate versus delayed loading -- Loading characteristics and implant stability -- Secondary stability: bone remodeling around the miniscrew implant -- Miniscrew implant design and insertion and removal torque -- 4. TERMINOLOGY, DESIGN FEATURES AND ARMAMENTARIUM -- Terminology and design features -- Armamentarium -- 5. ANATOMIC CONSIDERATIONS AND PLACEMENT/REMOVAL OF ORTHODONTIC MINISCREW IMPLANTS -- Anatomic considerations -- Miniscrew implant placement and removal -- Post-placement instructions for the patient -- Timing of initial force application -- 6. MINISCREW IMPLANT ANCHORAGE FOR ANTEROPOSTERIOR TOOTH MOVEMENT -- Use of miniscrew implants for absolute anchorage when mesial movement of posterior teeth is not indicated -- Miniscrew implant anchorage for retraction of the entire dentition -- Miniscrew implant anchorage for molar distalization -- Miniscrew implant anchorage for anterior movement of posterior teeth -- -- 7. MINISCREW IMPLANT ANCHORAGE FOR INTRUSION OF TEETH -- Indications for intrusion -- Intrusion using miniscrews -- Design of the appliance -- Optimum force levels -- Occlusal and facial consequences of orthodontic intrusion -- Miniscrew implant anchorage for intrusion of the entire dentition -- Miniscrew implant anchorage for intrusion of posterior teeth -- Miniscrew implant anchorage for intrusion of anterior teeth -- 8. MINISCREW IMPLANT ANCHORAGE FOR TRANSVERSE AND ASYMMETRIC TOOTH MOVEMENT -- Transverse and asymmetric tooth movement -- 9. OTHER USES OF MINISCREW IMPLANTS -- Using miniscrew implants for intermaxillary fixation -- Local tooth movements -- 10. COMPLICATIONS AND THEIR MANAGEMENT -- Complications during and following insertion -- Complications during the loading period -- Complications during removal.</subfield>
  </datafield>
  <datafield tag="650" ind1=" " ind2="7">
    <subfield code="a">Dental implants.</subfield>
    <subfield code="2">BUEsh</subfield>
    <subfield code="9">35980</subfield>
  </datafield>
  <datafield tag="650" ind1=" " ind2="7">
    <subfield code="a">Malocclusion</subfield>
    <subfield code="x">therapy.</subfield>
    <subfield code="2">BUEsh</subfield>
  </datafield>
  <datafield tag="650" ind1=" " ind2="7">
    <subfield code="a">Dental implants.</subfield>
    <subfield code="2">BUEsh</subfield>
    <subfield code="9">35980</subfield>
  </datafield>
  <datafield tag="650" ind1="2" ind2="2">
    <subfield code="a">Orthodontics, Corrective</subfield>
    <subfield code="x">methods.</subfield>
    <subfield code="2">BUEsh</subfield>
  </datafield>
  <datafield tag="653" ind1=" " ind2=" ">
    <subfield code="b">DDent</subfield>
    <subfield code="c">December2016</subfield>
  </datafield>
  <datafield tag="700" ind1="1" ind2=" ">
    <subfield code="a">Paik, Cheol-Ho.</subfield>
  </datafield>
  <datafield tag="710" ind1="2" ind2=" ">
    <subfield code="a">ScienceDirect (Online service)</subfield>
  </datafield>
  <datafield tag="776" ind1="0" ind2="8">
    <subfield code="i">Print version:</subfield>
    <subfield code="w">(DLC)  2008002274</subfield>
    <subfield code="w">(OCoLC)191127284</subfield>
  </datafield>
  <datafield tag="942" ind1=" " ind2=" ">
    <subfield code="2">ddc</subfield>
  </datafield>
  <datafield tag="999" ind1=" " ind2=" ">
    <subfield code="c">23751</subfield>
    <subfield code="d">23723</subfield>
  </datafield>
  <datafield tag="952" ind1=" " ind2=" ">
    <subfield code="0">0</subfield>
    <subfield code="1">0</subfield>
    <subfield code="2">ddc</subfield>
    <subfield code="4">0</subfield>
    <subfield code="7">0</subfield>
    <subfield code="8">Iqraa</subfield>
    <subfield code="a">MAIN</subfield>
    <subfield code="b">MAIN</subfield>
    <subfield code="c">1ST</subfield>
    <subfield code="d">2016-12-27</subfield>
    <subfield code="e">Purchase</subfield>
    <subfield code="g">845.00</subfield>
    <subfield code="h">3502</subfield>
    <subfield code="l">0</subfield>
    <subfield code="o">617.693 ORT</subfield>
    <subfield code="p">000040649</subfield>
    <subfield code="r">2025-07-15 00:00:00</subfield>
    <subfield code="v">1056.20</subfield>
    <subfield code="y">BB</subfield>
  </datafield>
</record>
